The Wire: Trivia - Statistics

General Stats
  • This quiz has been taken 869 times
    706 since last reset
  • The average score is 13 of 21
Answer Stats
Hint Answer % Correct
City where the show takes place Baltimore
100%
Main character and "loose cannon" Jimmy McNulty
94%
His sturdy (drinking) partner Bunk Moreland
89%
Actor who portrays Stringer Bell Idris Elba
88%
Nickname given to the area where drugs temporarily become legal Hamsterdam
82%
How could you tell Omar is comin' You hear him whistling "Farmer in the Dell"
82%
What does Prez eventually end up working as? Math teacher
81%
Famous quote by Senator Clay Davis Sheeeeeeeee-it
76%
A method used to surveil the drugdealers Wiretapping
76%
Leader of the main organization behind the city's drug import The Greek
68%
Season 5 features this newspaper The Baltimore Sun
60%
Mayor candidate who "has a little finger in every pie" Thomas Carcetti
60%
Famous rapper playing "Cheese" Method Man
59%
Creator of the series David Simon
56%
Rowdy son of Wee-Bey Namond Brice
55%
Partially real character portrayed by herself Felicia "Snoop" Pearson
50%
Opening theme Way Down in the Hole
46%
Always has a suggestion "Prop Joe"
37%
Singer who wrote this song Tom Waits
28%
What the longshoremen have for breakfast Beer and egg
23%
Whiskey referred to as "Protestant whiskey" Bushmills
12%
No matching quizzes found
Score Distribution
Percent of People with Each Score
Percentile by Number Answered
Your Score History
You have not taken this quiz since the last reset